000 00286nam a22001337a 4500
008 170331b xxu||||| |||| 00| 0 eng d
020 _a0070485259
041 _aeng
080 _a616-053.2
100 _a8
101 _aSHM
245 _aCHILD'S WORLD
_cPAPALIA, D.E
942 _2udc
_cBK
999 _c9249
_d9249